01201nam a2200325 a 4500001001200000003000800012006001900020007001500039008004100054015001500095020001500110020001500125040002100140035002100161050002300182082001600205100002300221245012800244260003300372300001900405504004100424533015200465650001800617650003200635655002900667700001900696710001700715856012600732999001700858ebr10014650CaPaEBRm u cr cn|||||||||011023s2000 enka sb 000 0 eng d aGBA0-V4317 z1841500429 z1841508160 aCaPaEBRcCaPaEBR a(OCoLC)55933799314aT14.5b.P47 2000eb04a303.4832211 aPepperell, Robert.14aThe postdigital membraneh[electronic resource] :bimagination, technology and desire /cRobert Pepperell and Michael Punt. aBristol :bIntellect,c2000. a181 p. :bill. aIncludes bibliographical references. aElectronic reproduction.bPalo Alto, Calif. :cebrary,d2013.nAvailable via World Wide Web.nAccess may be limited to ebrary affiliated libraries. 0aHuman beings. 0aTechnologyxSocial aspects. 7aElectronic books.2local1 aPunt, Michael.2 aebrary, Inc.40uhttp://site.ebrary.com/lib/rucke/Doc?id=10014650zAn electronic book accessible through the World Wide Web; click to view c13202d13202